Tous les gardiens du PSG depuis 2015 - Statistiques

Statistiques générales
  • Ce quiz a été pris 44 fois
  • Le résultat moyen est 10 sur 14
Statistiques - réponses
Années Nationalité Gardien % Correct
2021-2025 badd74bf35-pl.webp Gianluigi Donnarumma
100%
2019-2024 d902a0cf55-pl.webp Keylor Navas
98%
2025- 4497da308e-pl.webp Lucas Chevalier
98%
2024- fe6c30b709-pl.webp Matvey Safonov
95%
2016-2020 4497da308e-pl.webp Alphonse Areola
93%
2015-2018 e5093da0f0-pl.webp Kevin Trapp
88%
2018-2019 badd74bf35-pl.webp Gianluigi Buffon
73%
2015-2016 badd74bf35-pl.webp Salvatore Sirigu
73%
2019-2022 fda257517a-pl.webp Sergio Rico
58%
2025- badd74bf35-pl.webp Renato Marin
55%
2023-2025 fda257517a-pl.webp Arnau Tenas
53%
2019-2021 bbd8673f5a-pl.webp Marcin Bulka
53%
2021-2023 4497da308e-pl.webp Alexandre Letellier
48%
2015-2016 4497da308e-pl.webp Nicolas Douchez
28%
Aucun quiz correspondant
Distribution des résultats
% des personnes avec chaque résultat
Percentile par nombre de réponses
Votre historique - résultats
Vous n’avez pas pris ce quiz